00754pab a2200145 454500008004000000100001800040245009800058260000900156300001300165362001100178520034200189650002500531650001800556773003400574180718b2000 xxu||||| |||| 00| 0 eng d aBaxi, Upendra aKar Seva of the Indian constitution?: reflections on proposals for review of the constitution c2000 ap.891-95 a11 Mar aThe review of the Constitution that has been instituted is a carefully planned political exercise. The oligarchic and patriarchal composition of the review commission is replete with authority figures and carefully excludes any imaginative voice from communities of social and human rights activism and independent scholars. - Reproduced aIndia - Constitution aConstitutions aEconomic and Political Weekly